| 000 | 00895nam a22002297a 4500 | ||
|---|---|---|---|
| 003 | UPN | ||
| 005 | 20251112063916.0 | ||
| 008 | 250818s2004 xxu |||frs||||001 0 eng d | ||
| 040 |
_aMX-MxUPN _bspa _cMX-MxUPN |
||
| 041 | 0 | _aeng | |
| 050 | 1 | 4 |
_aLC213 S52 _b2004 |
| 100 | 1 |
_aShapiro, Joseph _957392 |
|
| 100 | 1 |
_aMoreno Treviño, Jorge _957393 |
|
| 245 | 1 | 0 |
_aCompensatory education for disadvantaged mexican students : _ban impact evaluation using propensity score matching |
| 260 |
_aWashington, DC : _bThe World Bank Latin America and the Caribbean Region Human Development Sctor Unit, _c2004 |
||
| 300 | _a42 páginas | ||
| 490 | 0 |
_aPolicy Resaearch Working Paper; _v3334 |
|
| 650 | 4 |
_aEducación compensatoria _zMéxico _xEvaluación _957864 |
|
| 650 | 4 |
_aEducación inclusiva _zMéxico _94705 |
|
| 902 |
_aMaiella Martínez / 18082025 _bBerenice Martínez/180925 |
||
| 942 |
_2lcc _cFOLL _n0 |
||
| 999 |
_c213780 _d213780 |
||